|
|
|
|
| LEADER |
00000nab a2200000uu 4500 |
| 001 |
vtls010877602 |
| 003 |
SK-MaSNL |
| 005 |
20260303145135.0 |
| 008 |
230222|2006 xo |||||||||||||||||slo| |
| 015 |
|
|
|a SNBRB
|
| 035 |
|
|
|a (urnnbn)urn:nbn:sk:snk:ar-005t0a
|
| 035 |
|
|
|a (uuid)e4e834e3-14d8-40d6-9d09-e9b839bc2f74
|
| 035 |
|
|
|a urn:nbn:sk:snk-ab7lzd
|
| 040 |
|
|
|a SNKBUCL
|b slo
|c SNKBUCL
|e AACR2
|
| 041 |
0 |
|
|a slo
|
| 044 |
|
|
|a xo
|c SK
|
| 100 |
1 |
|
|a Churý, Slavko,
|d 1935-2006
|4 aut
|9 197607
|
| 245 |
1 |
0 |
|a IZVESTIJA NA DÂRŽAVNITE ARCHIVI.
|c Slavko Churý
|
| 773 |
0 |
|
|t Slovenská archivistika
|g Roč. 41, č. 2 (2006), s. 159-160
|
| 954 |
|
|
|a odborná, vedecká literatúra pôvodná (slovenská)
|2 lita
|
| 958 |
|
|
|a OND
|
| 958 |
|
|
|a EUIPO
|
| 958 |
|
|
|a article8
|
| 999 |
|
|
|c 2000812
|d 2002742
|